| 000 | 00496aam a2200193 4500 | ||
|---|---|---|---|
| 005 | 20161121112533.0 | ||
| 008 | 150326b xxu||||| |||| 00| 0 spa d | ||
| 041 | _aEspañol | ||
| 082 | _a153.14 K18s | ||
| 100 |
_aKarsten, Gunther _928170 |
||
| 245 | _aSupermemoria para el éxito | ||
| 260 |
_aEspaña _bEDAF _c2010 |
||
| 300 | _a254 páginas | ||
| 650 |
_aPROCESOS MENTALES _918799 |
||
| 650 |
_aMEMORIA _91041 |
||
| 650 |
_aAPRENDIZAJE _933060 |
||
| 650 |
_aNEMOTECNIA _928172 |
||
| 942 | _cBK | ||
| 999 |
_c3313 _d3313 |
||